Top 30 US Counties in Population 1920-2010 Quiz Stats

 Plays Quiz not verified by Sporcle

Challenge
Share
Tweet
Embed
Score 0/300 Timer 10:00
0 Plays Today
% Correct
Los Angeles, CA
96.1%
Los Angeles, CA
96.1%
Los Angeles, CA
96.1%
Los Angeles, CA
96.1%
Los Angeles, CA
96.1%
Los Angeles, CA
96.1%
Los Angeles, CA
96.1%
Los Angeles, CA
96.1%
Los Angeles, CA
96.1%
Los Angeles, CA
96.1%
New York, NY
94.7%
New York, NY
94.7%
New York, NY
94.7%
New York, NY
94.7%
New York, NY
94.7%
New York, NY
94.7%
New York, NY
94.7%
New York, NY
94.7%
New York, NY
94.7%
New York, NY
94.7%
Dade, FL
90.6%
Dade, FL
90.6%
Dade, FL
90.6%
Dade, FL
90.6%
Miami-Dade, FL
90.6%
Miami-Dade, FL
90.6%
Cook, IL
89.2%
Cook, IL
89.2%
Cook, IL
89.2%
Cook, IL
89.2%
Cook, IL
89.2%
Cook, IL
89.2%
Cook, IL
89.2%
Cook, IL
89.2%
Cook, IL
89.2%
Cook, IL
89.2%
Kings, NY
88.9%
Kings, NY
88.9%
Kings, NY
88.9%
Kings, NY
88.9%
Kings, NY
88.9%
Kings, NY
88.9%
Kings, NY
88.9%
Kings, NY
88.9%
Kings, NY
88.9%
Kings, NY
88.9%
Queens, NY
88.4%
Queens, NY
88.4%
Queens, NY
88.4%
Queens, NY
88.4%
Queens, NY
88.4%
Queens, NY
88.4%
Queens, NY
88.4%
Queens, NY
88.4%
Queens, NY
88.4%
Queens, NY
88.4%
King, WA
86.4%
King, WA
86.4%
King, WA
86.4%
King, WA
86.4%
King, WA
86.4%
King, WA
86.4%
King, WA
86.4%
King, WA
86.4%
King, WA
86.4%
King, WA
86.4%
Orange, CA
85.5%
Orange, CA
85.5%
Orange, CA
85.5%
Orange, CA
85.5%
Orange, CA
85.5%
Dallas, TX
84.9%
Dallas, TX
84.9%
Dallas, TX
84.9%
Dallas, TX
84.9%
Dallas, TX
84.9%
Dallas, TX
84.9%
Dallas, TX
84.9%
San Diego, CA
84.6%
San Diego, CA
84.6%
San Diego, CA
84.6%
San Diego, CA
84.6%
San Diego, CA
84.6%
San Diego, CA
84.6%
Philadelphia, PA
84.3%
Philadelphia, PA
84.3%
Philadelphia, PA
84.3%
Philadelphia, PA
84.3%
Philadelphia, PA
84.3%
Philadelphia, PA
84.3%
Philadelphia, PA
84.3%
Philadelphia, PA
84.3%
Philadelphia, PA
84.3%
Philadelphia, PA
84.3%
San Francisco, CA
83.7%
San Francisco, CA
83.7%
San Francisco, CA
83.7%
San Francisco, CA
83.7%
San Francisco, CA
83.7%
Bronx, NY
79.1%
% Correct
Bronx, NY
79.1%
Bronx, NY
79.1%
Bronx, NY
79.1%
Bronx, NY
79.1%
Bronx, NY
79.1%
Bronx, NY
79.1%
Bronx, NY
79.1%
Bronx, NY
79.1%
Bronx, NY
79.1%
Harris, TX
76%
Harris, TX
76%
Harris, TX
76%
Harris, TX
76%
Harris, TX
76%
Harris, TX
76%
Harris, TX
76%
Harris, TX
76%
Wayne, MI
75.8%
Wayne, MI
75.8%
Wayne, MI
75.8%
Wayne, MI
75.8%
Wayne, MI
75.8%
Wayne, MI
75.8%
Wayne, MI
75.8%
Wayne, MI
75.8%
Wayne, MI
75.8%
Wayne, MI
75.8%
Maricopa, AZ
75.8%
Maricopa, AZ
75.8%
Maricopa, AZ
75.8%
Maricopa, AZ
75.8%
Maricopa, AZ
75.8%
St. Louis, MO
75.4%
St. Louis, MO
75.4%
St. Louis, MO*
75.3%
St. Louis, MO*
75.3%
St. Louis, MO*
75.3%
St. Louis, MO*
75.3%
St. Louis, MO*
75.3%
Baltimore, MD*
75%
Baltimore, MD*
75%
Baltimore, MD*
75%
Baltimore, MD*
75%
Baltimore, MD*
75%
Baltimore, MD*
75%
Suffolk, MA
73%
Suffolk, MA
73%
Suffolk, MA
73%
Suffolk, MA
73%
Suffolk, MA
73%
Suffolk, NY
73%
Suffolk, NY
73%
Suffolk, NY
73%
Suffolk, NY
73%
Suffolk, NY
73%
Cuyahoga, OH
72.4%
Cuyahoga, OH
72.4%
Cuyahoga, OH
72.4%
Cuyahoga, OH
72.4%
Cuyahoga, OH
72.4%
Cuyahoga, OH
72.4%
Cuyahoga, OH
72.4%
Cuyahoga, OH
72.4%
Cuyahoga, OH
72.4%
Cuyahoga, OH
72.4%
Allegheny, PA
69.2%
Allegheny, PA
69.2%
Allegheny, PA
69.2%
Allegheny, PA
69.2%
Allegheny, PA
69.2%
Allegheny, PA
69.2%
Allegheny, PA
69.2%
Allegheny, PA
69.2%
Allegheny, PA
69.2%
Clark, NV
68.8%
Clark, NV
68.8%
San Bernardino, CA
68%
San Bernardino, CA
68%
San Bernardino, CA
68%
San Bernardino, CA
68%
Riverside, CA
68%
Riverside, CA
68%
Riverside, CA
68%
Alameda, CA
67.2%
Alameda, CA
67.2%
Alameda, CA
67.2%
Alameda, CA
67.2%
Alameda, CA
67.2%
Alameda, CA
67.2%
Alameda, CA
67.2%
Alameda, CA
67.2%
Alameda, CA
67.2%
Nassau, NY
65.7%
Nassau, NY
65.7%
Nassau, NY
65.7%
Nassau, NY
65.7%
Nassau, NY
65.7%
Nassau, NY
65.7%
Nassau, NY
65.7%
Washington, DC
65.4%
% Correct
Washington, DC
65.4%
Washington, DC
65.4%
Washington, DC
65.4%
Washington, DC
65.4%
Middlesex, MA
64.5%
Middlesex, MA
64.5%
Middlesex, MA
64.5%
Middlesex, MA
64.5%
Middlesex, MA
64.5%
Middlesex, MA
64.5%
Middlesex, MA
64.5%
Middlesex, MA
64.5%
Middlesex, MA
64.5%
Middlesex, MA
64.5%
Milwaukee, WI
64.2%
Milwaukee, WI
64.2%
Milwaukee, WI
64.2%
Milwaukee, WI
64.2%
Milwaukee, WI
64.2%
Milwaukee, WI
64.2%
Milwaukee, WI
64.2%
Tarrant, TX
61.6%
Tarrant, TX
61.6%
Tarrant, TX
61.6%
Erie, NY
61.2%
Erie, NY
61.2%
Erie, NY
61.2%
Erie, NY
61.2%
Erie, NY
61.2%
Erie, NY
61.2%
Erie, NY
61.2%
Broward, FL
60.8%
Bexar, TX
60.8%
Broward, FL
60.8%
Bexar, TX
60.8%
Broward, FL
60.8%
Bexar, TX
60.8%
Broward, FL
60.8%
Bexar, TX
60.8%
Essex, NJ
60.4%
Essex, MA
60.4%
Essex, NJ
60.4%
Essex, MA
60.4%
Essex, NJ
60.4%
Essex, MA
60.4%
Essex, NJ
60.4%
Essex, NJ
60.4%
Essex, NJ
60.4%
Sacramento, CA
60.4%
Sacramento, CA
60.4%
Sacramento, CA
60.4%
Hennepin, MN
59.4%
Hennepin, MN
59.4%
Hennepin, MN
59.4%
Hennepin, MN
59.4%
Hennepin, MN
59.4%
Hennepin, MN
59.4%
Hennepin, MN
59.4%
Hennepin, MN
59.4%
Hamilton, OH
58.9%
Hamilton, OH
58.9%
Hamilton, OH
58.9%
Hamilton, OH
58.9%
Hamilton, OH
58.9%
Hamilton, OH
58.9%
Santa Clara, CA
58.7%
Santa Clara, CA
58.7%
Santa Clara, CA
58.7%
Santa Clara, CA
58.7%
Santa Clara, CA
58.7%
Westchester, NY
58.1%
Westchester, NY
58.1%
Westchester, NY
58.1%
Westchester, NY
58.1%
Jackson, MO
55%
Jackson, MO
55%
Bergen, NJ
53.4%
Hillsborough, FL
50.2%
Palm Beach, FL
49.1%
Providence, RI
48.1%
Providence, RI
48.1%
Providence, RI
48.1%
Providence, RI
48.1%
Orleans, LA
47.4%
Orleans, LA
47.4%
Orleans, LA
47.4%
Oakland, MI
46.3%
Oakland, MI
46.3%
Oakland, MI
46.3%
Oakland, MI
46.3%
New Haven, CT
41.1%
New Haven, CT
41.1%
Hudson, NJ
40.7%
Hudson, NJ
40.7%
Hudson, NJ
40.7%
Hudson, NJ
40.7%
Worcester, MA
37%
Worcester, MA
37%
Worcester, MA
37%
Luzerne, PA
16.8%

You're not logged in!

Compare scores with friends on all Sporcle quizzes.
OR
Log In

You Might Also Like...

Show Comments

Extras

Top Quizzes Today


Score Distribution

Your Account Isn't Verified!

In order to create a playlist on Sporcle, you need to verify the email address you used during registration. Go to your Sporcle Settings to finish the process.

Report this User

Report this user for behavior that violates our Community Guidelines.

Details: